| 000 | 01009nam a22002537a 4500 | ||
|---|---|---|---|
| 005 | 20170124103123.0 | ||
| 010 | _aB-012769 | ||
| 020 |
_c00.00 _a8121600898 |
||
| 035 | _aB-012769 | ||
| 037 | _bCen Lib/Ret | ||
| 040 |
_aDPL _bHN |
||
| 082 |
_a181.499 _bराधाकृ |
||
| 100 |
_aराधाकृष्णन _943304 |
||
| 245 |
_aहमारी संस्कृति / _cराधाकृष्णन |
||
| 246 |
_aHamari sanskriti / _bby Radha Krishanan |
||
| 260 |
_aदिल्ली _bहिन्दी पॉकेट बुक _c1995 |
||
| 270 | _bदिल्ली | ||
| 300 |
_a112पृ. _c21सेमी (सजिल्द) |
||
| 650 |
_aधार्मिक विचार और आधुनिक सभ्यता _982503 |
||
| 650 |
_aभारतीय संस्कृति _982504 |
||
| 650 |
_aReligious views and modern civilization _982505 |
||
| 650 |
_aIndian culture _93853 |
||
| 942 |
_2ddc _cHN _h181.499 _mराधाकृ |
||
| 999 |
_c118916 _d118916 |
||